Location on networks : theory and algorithms /

Bibliographic Details
Main Author: Handler, Gabriel Y.
Other Authors: Mirchandani, Pitu B.
Format: Book
Language:English
Published: Cambridge, Mass. : MIT Press, [1979]
Series:MIT Press series in signal processing, optimization, and control ; 1.
Subjects:

MARC

Tag First Indicator Second Indicator Subfields
LEADER 00000pam a2200000 a 4500
001 in00000088848
005 20151008063259.0
008 781017s1979 maua b 00110 engm
010 |a  78023969  
020 |a 0262080907 
035 |a (OCoLC)04492844 
035 |9 AAK1935AM 
040 |a DLC  |c DLC  |d TXA  |d UtOrBLW 
049 |a TXAM  |c [1241381] 
050 0 0 |a T57.85  |b .H36 
082 0 |a 658.4/032 
100 1 |a Handler, Gabriel Y. 
245 1 0 |a Location on networks :  |b theory and algorithms /  |c Gabriel Y. Handler and Pitu B. Mirchandani. 
264 1 |a Cambridge, Mass. :  |b MIT Press,  |c [1979] 
264 4 |c ©1979 
300 |a xviii, 233 pages :  |b illustrations ;  |c 24 cm. 
336 |a text  |b txt  |2 rdacontent 
337 |a unmediated  |b n  |2 rdamedia 
338 |a volume  |b nc  |2 rdacarrier 
490 1 |a The MIT Press series in signal processing, optimization, and control ;  |v [1] 
500 |a Includes indexes. 
504 |a Bibliography: pages [219]-228. 
650 0 |a Network analysis (Planning) 
700 1 |a Mirchandani, Pitu B. 
830 0 |a MIT Press series in signal processing, optimization, and control ;  |v 1. 
999 |a MARS 
999 f f |s f39e3693-72c8-3b19-b167-3bb50ae311f6  |i b5118c33-a343-3670-a140-80bf98320e5a  |t 0 
952 f f |p ric  |a Texas A&M University  |b Rellis Campus  |c Joint Library Facility  |d Remote Storage  |t 0  |e T57.85 .H36  |h Library of Congress classification  |i unmediated -- volume  |m A14805267921 
998 f f |a T57.85 .H36  |t 0  |l Remote Storage